|
|
|
|
| LEADER |
01094cam a2200265 7i4500 |
| 001 |
0000048093 |
| 005 |
20260223090000.0 |
| 020 |
|
|
|a 091246352X (pbk.)
|
| 090 |
0 |
0 |
|a BP163
|b .Q77 1991
|
| 100 |
1 |
|
|a Al-Qaradawi, Yusuf
|
| 245 |
1 |
0 |
|a Islamic awakening between rejection and extremism
|c Yusuf al-Qaradawi.
|
| 264 |
|
|
|a Herndon, Va:
|b Jointly published by American Trust Publication and the International Institute of Islamic Thought,
|c 1991.
|
| 300 |
|
|
|a 191 pages;
|c 23 cm.
|
| 336 |
|
|
|a text
|2 rdacontent
|
| 337 |
|
|
|a unmediated
|2 rdamedia
|
| 338 |
|
|
|a volume
|2 rdacarrier
|
| 490 |
1 |
|
|a Issues of Islamic thought series;
|v No. 2
|
| 500 |
|
|
|a Gift: Zainol Ahmad Resource Center
|
| 504 |
|
|
|a Includes bibliographical references and index
|
| 650 |
0 |
0 |
|a Islam --
|y 20th century
|
| 997 |
|
|
|a IDE Resource Centre
|
| 997 |
|
|
|a Perpustakaan Peringatan Siddiq Fadzil, Balai Rakyat
|
| 999 |
|
|
|a 0000065847
|b BOK
|c OPEN SHELF
|e 1st Floor, Bestari Jaya
|
| 999 |
|
|
|a IDE0001951
|b BOK
|c CLOSED ACCESS COLLECTION
|e IDE Resource Centre
|
| 999 |
|
|
|a IDE0001952
|b BOK
|c CLOSED ACCESS COLLECTION
|e IDE Resource Centre
|